000 00981nac a22003130a 4500
001 PT33418
003 AR-LpoUNG
005 20210201005316.0
008 201001suuuu||||ag |||||||||||||||||spa d
040 _aAR-LpoUNG
_bspa
_eaacr
041 _aspa
044 _aag
082 0 _a410 231v1
100 1 _aAdelstein, Andreína
245 1 0 _aLectoescritura CAU 2009 :
_bcorpus de normativa
260 _as.l.
_bs.e.
_cs.f.
300 _a(2
_fVolúmenes)
490 0 _aLectoescritura CAU 2009
505 0 _aMaterial adaptado por la Biblioteca Digital y Sonora de la UByD, preparado con fines de estudio o recreación, para uso exclusivo y personal de usuarios no videntes, o con otras discapacidades perceptivas.
650 4 _aGRAMATICA
650 4 _aLINGÜISTICA
650 4 _aSINTAXIS
651 4 _aDOCUMENTOS TEORICOS O METODOLOGICOS
653 _aDISCAPACIDAD VISUAL
700 1 _aInza, Marta
700 1 _aKornfeld, Laura
905 _a33418
942 _cCDDVD
999 _c49083
_d49083